000
00247nam a2200121Ia 4500
003
LDD
040
_c
LDD
041
_a
en
245
0
_a
IASSI quarterly : to be entered
260
_c
1 Jul-31 Dec,2006
362
_a
25-25
_b
01-Feb
942
_2
ddc
_c
J
999
_c
179610
_d
179610